|
|
|
|
| LEADER |
00000nab a2200000 a 4500 |
| 001 |
vtls000268056 |
| 003 |
SK-MaSNL |
| 005 |
20260303170155.0 |
| 008 |
160204c1986 xo 0 slo |
| 015 |
|
|
|a SNBRA19rr/mm-uuuuu
|
| 035 |
|
|
|a CL0278170
|
| 040 |
|
|
|a SNKBUCL
|b slo
|c SNKBUCL
|e AACR2
|
| 041 |
0 |
|
|a slo
|
| 044 |
|
|
|a xo
|c SK
|
| 080 |
|
|
|a 376.33
|2 1981
|
| 100 |
1 |
|
|a Jamrich, Róbert
|4 aut
|9 674407
|
| 245 |
1 |
0 |
|a Z dejín Ústavu pre hluchonemých v Jelšave 1901-1938
|c Róbert Jamrich
|
| 300 |
|
|
|b Obr. 28. Tb. 6. Res. rus., nem., maď., lit. 33 zázn. v slov., češ., maď.
|
| 610 |
2 |
7 |
|a Ústav hluchonemých (Jelšava, Slovensko)
|2 snkbucl
|9 1193140
|
| 655 |
|
7 |
|a články zo zborníkov
|2 snkbucl
|9 166140
|
| 773 |
0 |
|
|t Vlastivedné štúdie Gemera 4
|d Martin : Osveta, 1986
|g S. 211-286
|
| 850 |
|
|
|a Slovenská národná knižnica v Martine
|a MTA001
|
| 852 |
|
|
|a SNK
|b KIS3GCP
|
| 958 |
|
|
|a NB
|
| 958 |
|
|
|a RK
|
| 992 |
|
|
|a RZB
|
| 999 |
|
|
|c 2075672
|d 2077602
|